[Event "Mlada Boleslav Region-ch"]
[Site "Mlada Boleslav"]
[Date "2015.06.20"]
[Round "3"]
[White "Sulc, Jakub"]
[Black "Pinkas, Jiri"]
[Result "0-1"]
[WhiteElo "1521"]
[BlackElo "1208"]
[PlyCount "114"]
[EventDate "2015.06.20"]
[EventType "swiss"]
[EventRounds "7"]
[EventCountry "CZE"]
[SourceTitle "EXT 2017"]
[Source "ChessBase"]
[SourceDate "2016.10.25"]
[SourceVersion "1"]
[SourceVersionDate "2016.10.25"]
[SourceQuality "1"]

1. e4 e5 2. Nf3 Nc6 3. Nc3 Bc5 4. d3 d6 5. Be2 Nf6 6. Bg5 h6 7. Bh4 g5 8. Bg3 Be6 9. h4 g4 10. Nh2 h5 11. Qd2 Nd4 12. Na4 Nd7 13. c3 Nxe2 14. Qxe2 Qf6 15. Nxc5 Nxc5 16. f3 gxf3 17. gxf3 0-0-0 18. Bf2 b6 19. Nf1 Nb7 20. Be3 Rdg8 21. Nd2 d5 22. d4 c6 23. 0-0-0 Rh7 24. Qd3 exd4 25. exd5 Bf5 26. Qxd4 Qxd4 27. Bxd4 cxd5 28. Rhg1 Re8 29. Rg5 Bg6 30. f4 Nd6 31. Be5 Nf5 32. Nf3 Ne3 33. Re1 Ng4 34. f5 f6 35. Bxf6 Rxe1+ 36. Nxe1 Nxf6 37. Rxg6 Ne4 38. Nf3 Rf7 39. Nd4 Kd7 40. Kc2 Nd6 41. f6 Ne4 42. Rg7 Ke8 43. Nc6 Nxf6 44. Rxf7 Kxf7 45. Nxa7 Ke6 46. Kd3 Kf5 47. Ke3 Kg4 48. Kf2 Kxh4 49. Kg2 Kg4 50. Nc8 h4 51. Nxb6 h3+ 52. Kf2 Ne4+ 53. Kg1 Kg3 54. a4 h2+ 55. Kf1 h1Q+ 56. Ke2 Qg2+ 57. Kd3 Qd2# 0-1

[Event "Mlada Boleslav Region-ch U20"]
[Site "Mlada Boleslav"]
[Date "2013.06.22"]
[Round "4"]
[White "Patocka, David"]
[Black "Pinkas, Jiri"]
[Result "0-1"]
[WhiteElo "1100"]
[BlackElo "1250"]
[PlyCount "40"]
[EventDate "2013.06.22"]
[EventType "swiss"]
[EventRounds "7"]
[EventCountry "CZE"]
[SourceTitle "EXT 2015"]
[Source "ChessBase"]
[SourceDate "2014.11.20"]
[SourceVersion "1"]
[SourceVersionDate "2014.11.20"]
[SourceQuality "1"]

1. e4 e5 2. Nf3 Nc6 3. Nc3 Bc5 4. Bc4 Nf6 5. d3 h6 6. Be3 Bb6 7. Bxb6 axb6 8. Bd5 d6 9. 0-0 0-0 10. a3 Bg4 11. h3 Bh5 12. Bb3 Nd4 13. Nd5 c6 14. c3 Nxf3+ 15. gxf3 cxd5 16. Bxd5 Nxd5 17. exd5 Qf6 18. Re1 Bxf3 19. Qd2 Qg6+ 20. Kf1 Qg2# 0-1